000 00475nam a22001337a 4500
005 20241112161125.0
008 241112b |||||||| |||| 00| 0 eng d
020 _a9781405780124
245 _aThe All England Law Reports 2013 Vol. 2
_cEditor, Widdicombe, Solicitor (non-practising). Managing Editor;Rajani Rakesh, Barrister
260 _aLondon, United Kingdom
_bLexisNexis
_c2013
300 _axxiii, 1138 pages
_c23.5 cm
650 _2Law Reports
_xEngland
942 _2lcc
_cBK
_n0
999 _c1087
_d1087